Responses for Show #4721 - Monday, February 28, 2005

2005 Ultimate Tournament of Champions Round 1, game 14.

Contestants

[<< previous game]

Michelle Clum, an executive assistant originally from Wichita, Kansas

Jerome Vered, a writer from Los Angeles, California

Jim Scott, an attorney from Arlington, Virginia

[next game >>]

Jeopardy! Round responses

THE JIMMY CARTER EXPERIENCE
HEY, TIGER!
COUNTRIES IN FRENCH
BRAND NAMES
MAURICE, BARRY OR ROBIN
THE "B.G."s
    $200 11
Rosalynn Carter

Michelle
    $200 26
Tiger Lily

Jerome
    $200 1
the United Arab Emirates

Michelle
    $200 6
Timex

Jerome
    $200 21
Barry

Michelle
    $200 12
the Brothers Grimm

Michelle
    $400 15
Alaska

Jerome
    $400 27
Jack Lemmon

Michelle
    $400 2
Lebanon

Jerome
    $400 7
Ziploc bags

Jim
    $400 22
(Alex: Yes--baseball.)

Robin

Jim
    $400 13
a Brigadier General

Jerome
    $600 18
a (nuclear) submarine

Michelle
    $600 28
Babar

Jerome
    $600 3
North Korea

Michelle
    $1,000 8
(Jim: What is the Red Devil?)

the Dirt Devil

Jim
    $600 23
Maurice

Jerome
    $600 14
Bill Gates

Jim
    $800 19
Health, Education and Welfare

Jim
    $800 29
Zoolander

Jerome
    $800 4
the United Kingdom

Jerome
    $800 9
Skyy

Jim
    $800 24
Robin

Jerome
    $800 16
the Brandenburg Gate

Michelle
    $1000 20
Atlanta

Michelle
    $1000 30
Jungle Book

Michelle
    $1000 5
The Netherlands

Jerome
    $1000 10
Sansabelt

Jim
    $1000 25
Maurice

Jim
    $1000 17
Bowling Green

Michelle

Scores at the first commercial break (after clue 16):

Jim Jerome Michelle
$1,800 $3,200 $2,000

Scores at the end of the Jeopardy! Round:

Jim Jerome Michelle
$4,000 $6,200 $6,200

Double Jeopardy! Round responses

BODY WORLDS
OUT OF THE MOUTHS OF BABES
WHAT A CHARACTER!
FEBRUARY IN HISTORY
DECADE OF DISCOVERY
"IN"s & "OUT"s
    $400 26
the middle ear

Jerome
    $400 11
(Vanessa) Williams

Jim
    $400 6
Tarzan

Jerome
    $400 5
Napoleon Bonaparte

Jerome
    $400 16
the 1930s

Jerome
    $400 21
the Outback

Michelle
    $800 27
(Alex: Correct! Good with onions.)

the liver

Jim
    $800 13
(Alex: She's a babe.)
(Jerome: Sure... fine babe.)
[Laughter]

Anna Kournikova

Triple Stumper
    $800 7
The Time Machine

Jerome
    $800 4
Sinclair Lewis

Michelle
    $800 17
the 1960s

Michelle
    $800 25
Inaugural Day

Michelle
    $1200 28
(Michelle: What is atherosclerosis?)

a heart attack (myocardial infarction)

Michelle
Triple Stumper
    $1200 14
Halle Berry

Jerome
    $1200 8
Don Jose

Jerome
    $1200 3
the Minuteman

Michelle
    $1200 18
the 1490s

Jerome
    $1200 22
Out of Africa

Michelle
    $1600 29
the cerebellum

Michelle
    $1600 12
Lauren Hutton

Jerome
    $2,000 9
(Jerome: What is... Count of Monte Cristo?)
(Alex: No; he gave up the spear as he plunged it into the Great White Whale.)

Captain Ahab

Jerome
    $1600 1
George VI

Jerome
    $2,500 19
the 1950s

Jerome
    $1600 23
an incision

Jerome
    $2000 30
Vesalius

Michelle
    $2000 15
(Alex: She made you laugh, but you cannot recall her name. [*]. [*]. Very sweet.)

Meg Ryan

Triple Stumper
    $2000 10
Magic Flute

Jerome
    $2000 2
(Alberto) Gonzales

Jim
    $2000 20
the 1940s

Triple Stumper
    $2000 24
intaglio

Jerome

Scores at the end of the Double Jeopardy! Round:

Jim Jerome Michelle
$7,200 $21,500 $13,800

[wagering suggestions for these scores]

Final Jeopardy! Round responses

COLLEGE LIBRARIES
(Alex: Harry Widener was a Harvard grad and he was going to build the library, but after his death his family built it in his honor.)
JimWhat is the Titanic sinking?
$7,200
MichelleWhat is Titanic sinking?
$7,701
JeromeWhat is the sinking of the Titanic?
$6,101
the sinking of the Titanic

Final scores:

Jim Jerome Michelle
$14,400 $27,601 $21,501
3rd place: $5,000 Winner: $27,601 + an advance to UToC Round 2 2nd place: $5,000

Game dynamics:

Coryat scores:

Jim Jerome Michelle
$8,200 $22,600 $13,800
10 R,
1 W
(including 1 DD)
25 R
(including 1 DD),
1 W
(including 1 DD)
19 R,
1 W

Combined Coryat: $44,600

[game clues] [game scores] [suggest correction]

Game tape date: 2005-02-08
The J! Archive is created by fans, for fans. Scraping, republication, monetization, and malicious use prohibited; this site may use cookies and collect identifying information. See terms. The Jeopardy! game show and all elements thereof, including but not limited to copyright and trademark thereto, are the property of Jeopardy Productions, Inc. and are protected under law. This website is not affiliated with, sponsored by, or operated by Jeopardy Productions, Inc. Join the discussion at JBoard.tv.